00489cam a22001457a 4500008004000000082001700040100002000057245007300077260002500150300001600175650002000191650002600211999001900237952008700256180718b1957 xxu||||| |||| 00| 0 eng d aH514x42 Sh53 aSheridan, L. A. aFraud in equity: a study in English and Irish Lawcby L. A. Sheridan aLondonbPitmanc1957 axliii, 235p aFraud --Ireland aFraud --Great Britain c427590d427590 00104070aIIPAbIIPAd2009-11-19oH514x42 Sh53p5185r2018-07-21w2018-07-21yBK